00487nam a2200193 a 4500001001300000003000900013005001700022008004100039020000900080082001300089100002100102245003100123260003000154300000900184500003500193505001000228650003400238700002100272nice12345678IN_TiNIC20260116012929.0050524s1986 u sa grp 000 0 eng  ac1000a232bYOU aYoussef, Michael aLeadership Style of Jesus. aU S AbVictor Booksc1986 a168p aincludes index and biblioraphy2 aIndex aJesus Christ-Political Person1 aYoussef, Michael